[Event "Mitropa Cup (Women) 1st"]
[Site "Saint Vincent"]
[Date "2002.10.03"]
[Round "6"]
[White "Cedikova, Katerina"]
[Black "Milliet, Sophie"]
[Result "0-1"]
[WhiteElo "2198"]
[BlackElo "2173"]
[PlyCount "76"]
[EventDate "2002.09.28"]
[EventType "team-tourn"]
[EventRounds "9"]
[EventCountry "ITA"]
[Source "ChessBase"]
[SourceDate "2002.11.07"]

1. d4 d5 2. c4 c6 3. Nf3 Nf6 4. Nc3 a6 5. c5 Nbd7 6. Bf4 Nh5 7. Bd2 Nhf6 8. g3
e5 9. dxe5 Ng4 10. b4 Ndxe5 11. Bg2 Be7 12. O-O O-O 13. Bf4 Ng6 14. Bd2 Bf6 15.
Rc1 Be6 16. Na4 Qe7 17. Bc3 Bxc3 18. Rxc3 a5 19. a3 axb4 20. axb4 N4e5 21. Nb6
Ra2 22. Nd4 Nc4 23. Nxc4 dxc4 24. Nxe6 Qxe6 25. Rc2 c3 26. Bd5 cxd5 27. Rxa2 d4
28. Rc2 Qc4 29. Qc1 Ne5 30. f4 Nc6 31. Rf3 Nxb4 32. Kf2 Nxc2 33. Qxc2 Qxc5 34.
Rd3 b5 35. e3 dxe3+ 36. Rxe3 b4 37. f5 Re8 38. Qxc3 bxc3 0-1

[Event "Mitropa Cup (Women) 1st"]
[Site "Saint Vincent"]
[Date "2002.10.03"]
[Round "6"]
[White "Hund, Barbara"]
[Black "Medic, Mirjana"]
[Result "1/2-1/2"]
[WhiteElo "2285"]
[BlackElo "2279"]
[PlyCount "66"]
[EventDate "2002.09.28"]
[EventType "team-tourn"]
[EventRounds "9"]
[EventCountry "ITA"]
[Source "ChessBase"]
[SourceDate "2002.11.07"]

1. e4 e6 2. d4 d5 3. Nc3 Bb4 4. exd5 exd5 5. Bd3 Nf6 6. Nge2 O-O 7. a3 Be7 8.
Bf4 Bg4 9. f3 Bh5 10. Ng3 Bg6 11. Nf5 Bxf5 12. Bxf5 Re8 13. O-O c6 14. Ne2 Nh5
15. Be5 g6 16. Bd3 Nd7 17. g4 Ng7 18. Bg3 Bh4 19. Qd2 Bxg3 20. hxg3 Qe7 21. Kf2
Nf8 22. Rh1 Nge6 23. Rae1 Qf6 24. c3 Re7 25. Nf4 Rae8 26. Nxe6 Rxe6 27. g5 Qe7
28. f4 Rxe1 29. Rxe1 Qxe1+ 30. Qxe1 Rxe1 31. Kxe1 Ne6 32. Kd2 Kf8 33. Ke3 Ke7
1/2-1/2

[Event "Mitropa Cup (Women) 1st"]
[Site "Saint Vincent"]
[Date "2002.10.03"]
[Round "6"]
[White "Kaps, Darja"]
[Black "Fittante, Giuliana"]
[Result "1-0"]
[WhiteElo "2229"]
[BlackElo "2011"]
[PlyCount "67"]
[EventDate "2002.09.28"]
[EventType "team-tourn"]
[EventRounds "9"]
[EventCountry "ITA"]
[Source "ChessBase"]
[SourceDate "2002.11.07"]

1. e4 e5 2. Nf3 Nf6 3. d4 exd4 4. e5 Ne4 5. Qxd4 d5 6. exd6 Nxd6 7. Bd3 Nc6 8.
Qf4 Be7 9. Nc3 Be6 10. Be3 Qd7 11. O-O-O O-O-O 12. Qa4 Kb8 13. Bb5 a6 14. Ne5
axb5 15. Nxd7+ Rxd7 16. Nxb5 Nxb5 17. Qxb5 Bd6 18. a4 Rhd8 19. a5 Nb4 20. Rd4
Na6 21. Rhd1 Kc8 22. h3 h6 23. R4d2 g5 24. c4 Be7 25. Rxd7 Bxd7 26. Qe5 Bb4 27.
Qf6 Bxa5 28. Qxh6 Bb4 29. Qxg5 Bd6 30. c5 f6 31. Qxf6 Bxc5 32. Bg5 Rf8 33. Qg7
Ba4 34. Qxf8+ 1-0

[Event "Mitropa Cup (Women) 1st"]
[Site "Saint Vincent"]
[Date "2002.10.03"]
[Round "6"]
[White "Lallemand, Roza"]
[Black "Hitzgerova, Gabriela"]
[Result "1-0"]
[WhiteElo "2301"]
[BlackElo "2230"]
[PlyCount "73"]
[EventDate "2002.09.28"]
[EventType "team-tourn"]
[EventRounds "9"]
[EventCountry "ITA"]
[Source "ChessBase"]
[SourceDate "2002.11.07"]

1. e4 c5 2. Nf3 d6 3. d4 cxd4 4. Nxd4 Nf6 5. Nc3 Nc6 6. Be2 e5 7. Nb3 Be7 8.
O-O O-O 9. Kh1 a5 10. a4 Nb4 11. f4 b6 12. Be3 Bb7 13. Nd2 exf4 14. Bxf4 d5 15.
e5 Ne4 16. Nb5 Bc5 17. c3 Na6 18. Nxe4 dxe4 19. Nd6 Bxd6 20. exd6 Nc5 21. b4
Ne6 22. Be3 Bc6 23. Bc4 Rb8 24. Qd2 Qd7 25. b5 Ba8 26. Rad1 Kh8 27. Bxe6 fxe6
28. c4 Rf5 29. Qd4 Kg8 30. Rxf5 exf5 31. Qe5 f4 32. Qxf4 Rf8 33. Qe5 Qg4 34.
Qd4 Qe2 35. d7 Rf1+ 36. Rxf1 Qxf1+ 37. Bg1 1-0

[Event "Mitropa Cup (Women) 1st"]
[Site "Saint Vincent"]
[Date "2002.10.03"]
[Round "6"]
[White "Macek, Vlasta"]
[Black "Mueller, Sebastian"]
[Result "1-0"]
[WhiteElo "2222"]
[BlackElo "2305"]
[PlyCount "61"]
[EventDate "2002.09.28"]
[EventType "team-tourn"]
[EventRounds "9"]
[EventCountry "ITA"]
[Source "ChessBase"]
[SourceDate "2002.11.07"]

1. d4 d5 2. c4 dxc4 3. e3 Nf6 4. Nf3 e6 5. Bxc4 a6 6. Bb3 c5 7. O-O Nc6 8. Nc3
cxd4 9. exd4 Be7 10. Bg5 h6 11. Bf4 O-O 12. Qd2 Re8 13. Rad1 Nb4 14. Ne5 Nbd5
15. Bg3 Bb4 16. Qd3 Bxc3 17. bxc3 b5 18. Rfe1 Bb7 19. c4 bxc4 20. Nxc4 Re7 21.
Ba4 Nb6 22. Nxb6 Qxb6 23. Be5 Ng4 24. Bc2 g6 25. Bf4 Kg7 26. h3 Nf6 27. Be5 Rd7
28. Qg3 Rh8 29. Bxf6+ Kxf6 30. Qe5+ Ke7 31. Qxh8 1-0

[Event "Mitropa Cup (Women) 1st"]
[Site "Saint Vincent"]
[Date "2002.10.03"]
[Round "6"]
[White "Marchadour, Claire"]
[Black "Helm, Leonie"]
[Result "1/2-1/2"]
[WhiteElo "2081"]
[BlackElo "2242"]
[PlyCount "41"]
[EventDate "2002.09.28"]
[EventType "team-tourn"]
[EventRounds "9"]
[EventCountry "ITA"]
[Source "ChessBase"]
[SourceDate "2002.11.07"]

1. e4 c5 2. Nf3 e6 3. d4 cxd4 4. Nxd4 a6 5. Bd3 Qc7 6. c4 Nf6 7. Qe2 d6 8. O-O
g6 9. Nc3 Bg7 10. h3 O-O 11. Nf3 Nc6 12. Be3 Nd7 13. Rac1 b6 14. b3 Nc5 15. Bf4
Bb7 16. Bb1 Nd4 17. Nxd4 Bxd4 18. Rfd1 e5 19. Bh6 Rfe8 20. Nd5 Qd8 21. Qg4
1/2-1/2

[Event "Mitropa Cup (Women) 1st"]
[Site "Saint Vincent"]
[Date "2002.10.03"]
[Round "6"]
[White "Umpfenbach, Caroline"]
[Black "Verot, Melanie"]
[Result "0-1"]
[WhiteElo "2072"]
[BlackElo "2077"]
[PlyCount "108"]
[EventDate "2002.09.28"]
[EventType "team-tourn"]
[EventRounds "9"]
[EventCountry "ITA"]
[Source "ChessBase"]
[SourceDate "2002.11.07"]

1. d4 d5 2. Nf3 e6 3. c4 c5 4. e3 Nf6 5. Bd3 a6 6. b3 Nc6 7. Bb2 dxc4 8. Bxc4
b5 9. Be2 cxd4 10. Nxd4 Bb4+ 11. Bc3 Bxc3+ 12. Nxc3 Nxd4 13. Qxd4 Qxd4 14. exd4
Bb7 15. O-O O-O 16. Rfd1 Rac8 17. Rac1 Rfd8 18. a3 Rd7 19. b4 Rdc7 20. Na2 Rc2
21. Rxc2 Rxc2 22. Nc1 Nd5 23. Bf1 Rc3 24. a4 bxa4 25. b5 axb5 26. Bxb5 Bc6 27.
Bxc6 Rxc6 28. Nd3 Nc3 29. Ra1 Rc4 30. Nb2 Rxd4 31. Ra3 Nb5 32. Rxa4 Rxa4 33.
Nxa4 e5 34. f3 f5 35. Kf2 Kf7 36. Ke3 Ke6 37. g3 h6 38. h4 Nd6 39. g4 f4+ 40.
Kd3 h5 41. gxh5 Nf5 42. Nc5+ Kd5 43. Na6 Nxh4 44. Nc7+ Kc6 45. Ke4 Nxf3 46. Ne6
Kd6 47. Nxf4 Ng5+ 48. Kf5 exf4 49. Kxf4 Nf7 50. Kf5 Ke7 51. Kg6 Kf8 52. Kh7 Ne5
53. Kh8 Kf7 54. Kh7 Ng4 0-1

[Event "Mitropa Cup (Women) 1st"]
[Site "Saint Vincent"]
[Date "2002.10.04"]
[Round "7"]
[White "Fittante, Giuliana"]
[Black "Umpfenbach, Caroline"]
[Result "0-1"]
[WhiteElo "2011"]
[BlackElo "2072"]
[PlyCount "60"]
[EventDate "2002.09.28"]
[EventType "team-tourn"]
[EventRounds "9"]
[EventCountry "ITA"]
[Source "ChessBase"]
[SourceDate "2002.11.07"]

1. d4 e6 2. Nf3 f5 3. Bg5 Be7 4. Bxe7 Qxe7 5. c3 Nf6 6. Nbd2 b6 7. e3 Bb7 8.
Bd3 O-O 9. O-O d6 10. Qe2 Ne4 11. a4 a5 12. Nc4 Nd7 13. Nfd2 Nxd2 14. Nxd2 e5
15. e4 f4 16. f3 Rf6 17. Bb5 Nf8 18. dxe5 dxe5 19. Rad1 Kh8 20. Nb3 Rh6 21. Qf2
Qf7 22. Nc1 Qh5 23. h3 Qg5 24. Kh2 Bc8 25. Rd2 Qh5 26. Rfd1 Bxh3 27. Kg1 Bxg2
28. Qxg2 Rg6 29. Rd8 Rxg2+ 30. Kxg2 Rxd8 0-1

[Event "Mitropa Cup (Women) 1st"]
[Site "Saint Vincent"]
[Date "2002.10.04"]
[Round "7"]
[White "Helm, Leonie"]
[Black "Ambrosi, Eleonora"]
[Result "1-0"]
[WhiteElo "2242"]
[BlackElo "2067"]
[PlyCount "73"]
[EventDate "2002.09.28"]
[EventType "team-tourn"]
[EventRounds "9"]
[EventCountry "ITA"]
[Source "ChessBase"]
[SourceDate "2002.11.07"]

1. e4 e6 2. d4 d5 3. Nc3 c6 4. Nf3 Nf6 5. Bd3 Bb4 6. e5 Nfd7 7. O-O a6 8. Ng5
g6 9. Qf3 Qe7 10. a3 Bxc3 11. bxc3 c5 12. a4 Nc6 13. Qg4 b6 14. Re1 Bb7 15. Nf3
h6 16. Ba3 O-O-O 17. Rab1 Kc7 18. c4 dxc4 19. Bxc4 Na5 20. Bd3 g5 21. dxc5 bxc5
22. Nd2 Nb6 23. Nb3 Nxb3 24. Rxb3 h5 25. Qe2 Bd5 26. c4 Bc6 27. a5 Nd7 28. Be4
Bxe4 29. Qxe4 Rb8 30. Rd3 Rhd8 31. Rd6 Rb3 32. Rc6+ Kb8 33. Rxa6 Rb7 34. Rb1
Rxb1+ 35. Qxb1+ Kc8 36. Ra8+ Kc7 37. Ra7+ 1-0

[Event "Mitropa Cup (Women) 1st"]
[Site "Saint Vincent"]
[Date "2002.10.04"]
[Round "7"]
[White "Hitzgerova, Gabriela"]
[Black "Hund, Barbara"]
[Result "1/2-1/2"]
[WhiteElo "2230"]
[BlackElo "2285"]
[PlyCount "35"]
[EventDate "2002.09.28"]
[EventType "team-tourn"]
[EventRounds "9"]
[EventCountry "ITA"]
[Source "ChessBase"]
[SourceDate "2002.11.07"]

1. e4 e5 2. Nf3 Nc6 3. Bb5 a6 4. Ba4 Nf6 5. O-O b5 6. Bb3 Be7 7. Re1 O-O 8. a4
b4 9. d3 d6 10. Nbd2 Na5 11. Ba2 c5 12. Nc4 Nxc4 13. Bxc4 Be6 14. h3 Ne8 15.
Nh2 Nc7 16. Nf1 Bg5 17. Bxe6 Nxe6 18. Bxg5 1/2-1/2

[Event "Mitropa Cup (Women) 1st"]
[Site "Saint Vincent"]
[Date "2002.10.04"]
[Round "7"]
[White "Medic, Mirjana"]
[Black "Marchadour, Claire"]
[Result "1-0"]
[WhiteElo "2279"]
[BlackElo "2081"]
[PlyCount "49"]
[EventDate "2002.09.28"]
[EventType "team-tourn"]
[EventRounds "9"]
[EventCountry "ITA"]
[Source "ChessBase"]
[SourceDate "2002.11.07"]

1. d4 Nf6 2. c4 c5 3. d5 b5 4. Qc2 bxc4 5. e4 d6 6. Nf3 g6 7. Bxc4 Bg7 8. O-O
O-O 9. Nc3 Nbd7 10. h3 Nb6 11. Be2 Ne8 12. Bf4 Nc7 13. Rad1 a5 14. Qc1 Ba6 15.
Rfe1 Qd7 16. e5 Bxe2 17. Rxe2 Nb5 18. Ne4 Rfc8 19. Bh6 Nd4 20. Rxd4 cxd4 21.
Qg5 d3 22. Bxg7 dxe2 23. Qh6 Qc7 24. Neg5 Qc1+ 25. Kh2 1-0

[Event "Mitropa Cup (Women) 1st"]
[Site "Saint Vincent"]
[Date "2002.10.04"]
[Round "7"]
[White "Mueller, Sebastian"]
[Black "Folkova, Martina"]
[Result "1/2-1/2"]
[WhiteElo "2305"]
[BlackElo "2193"]
[PlyCount "119"]
[EventDate "2002.09.28"]
[EventType "team-tourn"]
[EventRounds "9"]
[EventCountry "ITA"]
[Source "ChessBase"]
[SourceDate "2002.11.07"]

1. e4 g6 2. d4 Bg7 3. c3 d6 4. Nf3 Nd7 5. Bd3 e6 6. Be3 Ne7 7. O-O a6 8. Re1 b6
9. Nbd2 Bb7 10. Nf1 h6 11. N3d2 g5 12. Ng3 Nf6 13. f4 gxf4 14. Bxf4 e5 15. Be3
Qd7 16. Be2 Rg8 17. d5 Ng6 18. Rf1 Nh4 19. Rf2 O-O-O 20. Nf3 Ng6 21. Nd2 Kb8
22. Qf1 Ng4 23. Bxg4 Qxg4 24. Rxf7 Bc8 25. Qe2 Nh4 26. Qxg4 Bxg4 27. Raf1 Bd7
28. R7f2 Kc8 29. Kh1 Be8 30. Nf5 Nxf5 31. Rxf5 Bb5 32. c4 Be8 33. h3 Bg6 34.
R5f2 Kd7 35. Re2 b5 36. c5 c6 37. dxc6+ Kxc6 38. Rc1 d5 39. exd5+ Rxd5 40. Nb3
Rd3 41. Rd2 Rxd2 42. Nxd2 Rd8 43. Nf3 Rd3 44. Re1 e4 45. Nh4 Bh7 46. b3 Bf6 47.
g3 Bc3 48. Re2 Bb4 49. Kg2 Bxc5 50. Bxh6 Kd5 51. g4 Bd6 52. Be3 Ke6 53. g5 Be5
54. Kf2 Bg8 55. Ng6 Bf7 56. Nxe5 Kxe5 57. Rd2 Bh5 58. Rc2 Rd6 59. Rc5+ Ke6 60.
Bf4 1/2-1/2

[Event "Mitropa Cup (Women) 1st"]
[Site "Saint Vincent"]
[Date "2002.10.04"]
[Round "7"]
[White "Verot, Melanie"]
[Black "Macek, Vlasta"]
[Result "1-0"]
[WhiteElo "2077"]
[BlackElo "2222"]
[PlyCount "69"]
[EventDate "2002.09.28"]
[EventType "team-tourn"]
[EventRounds "9"]
[EventCountry "ITA"]
[Source "ChessBase"]
[SourceDate "2002.11.07"]

1. d4 d5 2. c4 c6 3. Nc3 Nf6 4. e3 a6 5. a4 e6 6. Nf3 c5 7. Bd3 Nc6 8. Ne5 cxd4
9. Nxc6 bxc6 10. exd4 a5 11. cxd5 cxd5 12. Qe2 h6 13. O-O Bd6 14. Nb5 Ba6 15.
Nxd6+ Qxd6 16. Bb5+ Bxb5 17. Qxb5+ Nd7 18. b3 Qb6 19. Ba3 Rb8 20. Rfc1 Kd8 21.
Qxb6+ Rxb6 22. Rc3 f5 23. Rac1 Rb8 24. Bd6 Ra8 25. Rc7 g5 26. Rb7 Ra6 27. Ba3
Rh7 28. Rcc7 Ra8 29. Rc6 Rc8 30. Rxe6 Rc3 31. Re3 Rc2 32. Kf1 f4 33. Re2 Rc3
34. Bc5 Kc8 35. Ra7 1-0

[Event "Mitropa Cup (Women) 1st"]
[Site "Saint Vincent"]
[Date "2002.10.05"]
[Round "8"]
[White "Ambrosi, Eleonora"]
[Black "Medic, Mirjana"]
[Result "1/2-1/2"]
[WhiteElo "2067"]
[BlackElo "2279"]
[PlyCount "120"]
[EventDate "2002.09.28"]
[EventType "team-tourn"]
[EventRounds "9"]
[EventCountry "ITA"]
[Source "ChessBase"]
[SourceDate "2002.11.07"]

1. d4 e6 2. Nf3 f5 3. c4 Nf6 4. g3 d5 5. Bg2 c6 6. O-O Bd6 7. b3 Qe7 8. Bb2 O-O
9. Ne5 b6 10. Nd2 Bb7 11. Ndf3 Na6 12. Rc1 Rac8 13. e3 c5 14. Qe2 Ne4 15. Nd3
Rc7 16. Nfe5 Rfc8 17. Rfd1 cxd4 18. exd4 Nb4 19. Nxb4 Bxb4 20. cxd5 Bxd5 21.
Rxc7 Rxc7 22. Rc1 Rxc1+ 23. Bxc1 Qc7 24. Bb2 Bf8 25. Nd3 Bd6 26. Ne5 h6 27.
Bxe4 Bxe4 28. Qc4 Qxc4 29. Nxc4 Bc7 30. Nd2 Bd5 31. Kf1 f4 32. Ke2 fxg3 33.
fxg3 Kf7 34. Ke3 g5 35. Kf2 Kg6 36. Nc4 h5 37. Ne3 g4 38. Bc3 b5 39. Nxd5 exd5
40. Ke3 Kf5 41. b4 h4 42. Be1 Bd6 43. Kd3 hxg3 44. hxg3 Ke6 45. Ke3 Kd7 46. Kd3
Kc6 47. Ke3 Kd7 48. Kd3 Ke6 49. Ke2 Kf5 50. Kd3 Be7 51. Bd2 Bf8 52. a3 Bd6 53.
Be1 Bc7 54. Bf2 a5 55. Be1 a4 56. Bf2 Bd6 57. Be1 Be7 58. Bd2 Bf6 59. Bf4 Bh4
60. Ke3 Be7 1/2-1/2

[Event "Mitropa Cup (Women) 1st"]
[Site "Saint Vincent"]
[Date "2002.10.05"]
[Round "8"]
[White "Cedikova, Katerina"]
[Black "Verot, Melanie"]
[Result "0-1"]
[WhiteElo "2198"]
[BlackElo "2077"]
[PlyCount "60"]
[EventDate "2002.09.28"]
[EventType "team-tourn"]
[EventRounds "9"]
[EventCountry "ITA"]
[Source "ChessBase"]
[SourceDate "2002.11.07"]

1. d4 d5 2. c4 e6 3. Nc3 c5 4. cxd5 exd5 5. Nf3 Nc6 6. g3 Nf6 7. Bg2 Be7 8. O-O
O-O 9. Bg5 c4 10. Ne5 Be6 11. Nxc6 bxc6 12. b3 Qa5 13. Na4 Rac8 14. Qc2 h6 15.
Bd2 cxb3 16. axb3 Qb5 17. Rfe1 Nd7 18. Bf1 c5 19. e4 Qb7 20. exd5 cxd4 21. Bc4
Qxd5 22. Nc3 Qc6 23. Ra6 Nb6 24. Rxe6 fxe6 25. Na4 Qf3 26. Bxh6 Nxc4 27. bxc4
d3 28. Qd2 gxh6 29. Rxe6 Bg5 30. Qb2 Qf7 0-1

[Event "Mitropa Cup (Women) 1st"]
[Site "Saint Vincent"]
[Date "2002.10.05"]
[Round "8"]
[White "Krivec, Jana"]
[Black "Helm, Leonie"]
[Result "0-1"]
[WhiteElo "2253"]
[BlackElo "2242"]
[PlyCount "92"]
[EventDate "2002.09.28"]
[EventType "team-tourn"]
[EventRounds "9"]
[EventCountry "ITA"]
[Source "ChessBase"]
[SourceDate "2002.11.07"]

1. e4 c5 2. Nf3 Nc6 3. d4 cxd4 4. Nxd4 Qc7 5. Nc3 e6 6. g3 a6 7. Bg2 Nf6 8. O-O
Nxd4 9. Qxd4 Bc5 10. Bf4 d6 11. Qd2 h6 12. Rad1 e5 13. Be3 Be6 14. Bxc5 dxc5
15. Nd5 Bxd5 16. exd5 Qd6 17. f4 O-O 18. fxe5 Qxe5 19. c4 Qd6 20. Rf4 b5 21. b3
Ra7 22. Bf1 bxc4 23. bxc4 Re8 24. Bd3 Rae7 25. Rdf1 Re3 26. R4f3 Rxf3 27. Rxf3
Qe5 28. Kg2 Rb8 29. Rf2 Qd4 30. Re2 Kf8 31. Qc2 Ng4 32. Qd2 Ne5 33. Qa5 Qxd3
34. Qxc5+ Kg8 35. Rxe5 Rb2+ 36. Kh3 Qf1+ 37. Kg4 h5+ 38. Rxh5 Qe2+ 39. Kh4 Qe4+
40. Kh3 Qg2+ 41. Kg4 Qe2+ 42. Kh4 Qxh2+ 43. Kg4 Qe2+ 44. Kh4 Qe4+ 45. g4 Rh2+
46. Kg3 Rg2+ 0-1

[Event "Mitropa Cup (Women) 1st"]
[Site "Saint Vincent"]
[Date "2002.10.05"]
[Round "8"]
[White "Macek, Vlasta"]
[Black "Fittante, Giuliana"]
[Result "1-0"]
[WhiteElo "2222"]
[BlackElo "2011"]
[PlyCount "29"]
[EventDate "2002.09.28"]
[EventType "team-tourn"]
[EventRounds "9"]
[EventCountry "ITA"]
[Source "ChessBase"]
[SourceDate "2002.11.07"]

1. d4 d5 2. c4 c6 3. Nf3 Nf6 4. Qc2 e6 5. g3 Bd6 6. Bg2 Nbd7 7. O-O O-O 8. Rd1
Qe7 9. Nbd2 e5 10. dxe5 Nxe5 11. cxd5 Nxd5 12. Nxe5 Bxe5 13. a3 Be6 14. Nf3 Bf6
15. e4 1-0

[Event "Mitropa Cup (Women) 1st"]
[Site "Saint Vincent"]
[Date "2002.10.05"]
[Round "8"]
[White "Marchadour, Claire"]
[Black "Hitzgerova, Gabriela"]
[Result "1-0"]
[WhiteElo "2081"]
[BlackElo "2230"]
[PlyCount "190"]
[EventDate "2002.09.28"]
[EventType "team-tourn"]
[EventRounds "9"]
[EventCountry "ITA"]
[Source "ChessBase"]
[SourceDate "2002.11.07"]

1. e4 c5 2. Nf3 d6 3. d4 cxd4 4. Nxd4 Nf6 5. Nc3 Nc6 6. f3 e5 7. Nb3 Be7 8. Be3
O-O 9. Qd2 Be6 10. Nd5 Bxd5 11. exd5 Nb8 12. Be2 Nh5 13. O-O f5 14. c4 f4 15.
Bf2 b6 16. Qe1 Nd7 17. Nd2 Kh8 18. b4 Rg8 19. Ne4 g5 20. Rc1 Nhf6 21. Nxf6 Nxf6
22. c5 bxc5 23. bxc5 dxc5 24. Qc3 Nxd5 25. Qxe5+ Bf6 26. Qf5 Bd4 27. Bxd4+ cxd4
28. Qe5+ Rg7 29. Rfd1 Ne3 30. Rxd4 Qe7 31. Re4 Qxe5 32. Rxe5 Rb8 33. Rb5 Rd8
34. Rcb1 h6 35. Rb8 Rgd7 36. Rxd8+ Rxd8 37. Rb2 a5 38. Kf2 Rd4 39. g3 Kg7 40.
gxf4 gxf4 41. Rb7+ Kf6 42. Rb6+ Ke5 43. Rxh6 Ra4 44. Rh5+ Kd4 45. Rh4 Kc3 46.
a3 Rd4 47. Rh5 a4 48. Rb5 Nc2 49. Rc5+ Kb3 50. h4 Nxa3 51. h5 Rd6 52. Rf5 Nc2
53. Rxf4 a3 54. Bc4+ Kb2 55. Rf8 Rb6 56. Kg3 Nd4 57. Ra8 Nb3 58. Bxb3 Rxb3 59.
h6 Rb7 60. Kg4 a2 61. f4 a1=Q 62. Rxa1 Kxa1 63. Kg5 Kb2 64. f5 Kc3 65. f6 Kd4
66. Kg6 Rb1 67. f7 Rg1+ 68. Kf6 Rf1+ 69. Ke6 Re1+ 70. Kd6 Rf1 71. h7 Rf6+ 72.
Ke7 Rh6 73. f8=Q Rxh7+ 74. Kf6 Rd7 75. Qb4+ Ke3 76. Qc5+ Kd2 77. Ke5 Rd3 78.
Ke4 Rc3 79. Qf2+ Kc1 80. Kd4 Rc2 81. Qe3+ Kb1 82. Qb3+ Ka1 83. Qa3+ Kb1 84. Kd3
Rd2+ 85. Ke3 Rc2 86. Qb4+ Ka1 87. Kd3 Rc1 88. Kd2 Rh1 89. Qa3+ Kb1 90. Qd3+ Kb2
91. Qd4+ Ka3 92. Qc5+ Kb2 93. Qc2+ Ka3 94. Qd3+ Kb2 95. Qb5+ Ka3 1-0

[Event "Mitropa Cup (Women) 1st"]
[Site "Saint Vincent"]
[Date "2002.10.05"]
[Round "8"]
[White "Umpfenbach, Caroline"]
[Black "Kaps, Darja"]
[Result "0-1"]
[WhiteElo "2072"]
[BlackElo "2229"]
[PlyCount "70"]
[EventDate "2002.09.28"]
[EventType "team-tourn"]
[EventRounds "9"]
[EventCountry "ITA"]
[Source "ChessBase"]
[SourceDate "2002.11.07"]

1. d4 Nf6 2. c4 g6 3. Nc3 Bg7 4. e4 d6 5. Nge2 O-O 6. Ng3 Nc6 7. d5 Ne5 8. Be2
c6 9. O-O a6 10. a4 Bd7 11. h3 cxd5 12. cxd5 Rc8 13. a5 Nc4 14. Bxc4 Rxc4 15.
Qb3 Qc8 16. Kh2 h5 17. Bg5 Re8 18. Na4 Bxa4 19. Rxa4 Rc2 20. Rb1 Nd7 21. Raa1
Rxf2 22. Be3 Qc2 23. Qxc2 Rxc2 24. Ra3 Be5 25. h4 Nf6 26. Kh3 Bxg3 27. Kxg3
Nxe4+ 28. Kh3 Rec8 29. Rb3 R8c7 30. Re1 f5 31. Bb6 Rd7 32. Be3 Kf7 33. Rb6 Rdc7
34. Kh2 Nf6 35. Rd1 Ng4+ 0-1

[Event "Mitropa Cup (Women) 1st"]
[Site "Saint Vincent"]
[Date "2002.10.06"]
[Round "9"]
[White "Hitzgerova, Gabriela"]
[Black "Ambrosi, Eleonora"]
[Result "1/2-1/2"]
[WhiteElo "2230"]
[BlackElo "2067"]
[PlyCount "33"]
[EventDate "2002.09.28"]
[EventType "team-tourn"]
[EventRounds "9"]
[EventCountry "ITA"]
[Source "ChessBase"]
[SourceDate "2002.11.07"]

1. e4 c5 2. Nf3 e6 3. d4 cxd4 4. Nxd4 a6 5. Nc3 Qc7 6. Bd3 Nc6 7. Nxc6 dxc6 8.
O-O e5 9. f4 Nf6 10. f5 Bc5+ 11. Kh1 h5 12. Qe2 Ng4 13. Nd1 Qe7 14. Qe1 Bd7 15.
Bd2 Bd4 16. Rf3 Qf6 17. a4 1/2-1/2

[Event "Mitropa Cup (Women) 1st"]
[Site "Saint Vincent"]
[Date "2002.10.06"]
[Round "9"]
[White "Kaps, Darja"]
[Black "Macek, Vlasta"]
[Result "1-0"]
[WhiteElo "2229"]
[BlackElo "2222"]
[PlyCount "67"]
[EventDate "2002.09.28"]
[EventType "team-tourn"]
[EventRounds "9"]
[EventCountry "ITA"]
[Source "ChessBase"]
[SourceDate "2002.11.07"]

1. e4 e6 2. d4 d5 3. Nc3 Bb4 4. Bd3 dxe4 5. Bxe4 Nf6 6. Bf3 c6 7. Nge2 Nbd7 8.
O-O Bd6 9. Bf4 Qc7 10. Bxd6 Qxd6 11. Ng3 O-O 12. Re1 Re8 13. Qd2 h6 14. Rad1 e5
15. d5 cxd5 16. Nxd5 Nxd5 17. Bxd5 Qc7 18. Ne4 Re7 19. Nd6 Nf6 20. Nxc8 Rxc8
21. Bb3 Qc5 22. Qd6 Qxd6 23. Rxd6 Kh7 24. c3 Nh5 25. g3 Rc5 26. Bc2+ g6 27. f4
Kg7 28. fxe5 Kh7 29. e6 Kg7 30. Rd7 Kf6 31. exf7 Rxe1+ 32. Kf2 Kg7 33. Kxe1 Nf6
34. Rxb7 1-0

[Event "Mitropa Cup (Women) 1st"]
[Site "Saint Vincent"]
[Date "2002.10.06"]
[Round "9"]
[White "Lallemand, Roza"]
[Black "Hund, Barbara"]
[Result "1/2-1/2"]
[WhiteElo "2301"]
[BlackElo "2285"]
[PlyCount "40"]
[EventDate "2002.09.28"]
[EventType "team-tourn"]
[EventRounds "9"]
[EventCountry "ITA"]
[Source "ChessBase"]
[SourceDate "2002.11.07"]

1. e4 e5 2. Nf3 Nc6 3. Bc4 Bc5 4. c3 Nf6 5. d3 d6 6. O-O Bb6 7. Nbd2 O-O 8. Bb3
Be6 9. h3 Qe7 10. Nc4 Na5 11. Nxa5 Bxa5 12. Re1 Rfe8 13. Bxe6 Qxe6 14. Nh4 c6
15. Qf3 g6 16. Bh6 Kh8 17. Bg5 Bd8 18. Qe3 Bb6 19. Qf3 Bd8 20. Qe3 Bb6 1/2-1/2

[Event "Mitropa Cup (Women) 1st"]
[Site "Saint Vincent"]
[Date "2002.10.06"]
[Round "9"]
[White "Medic, Mirjana"]
[Black "Krivec, Jana"]
[Result "1/2-1/2"]
[WhiteElo "2279"]
[BlackElo "2253"]
[PlyCount "132"]
[EventDate "2002.09.28"]
[EventType "team-tourn"]
[EventRounds "9"]
[EventCountry "ITA"]
[Source "ChessBase"]
[SourceDate "2002.11.07"]

1. d4 d5 2. c4 dxc4 3. Nf3 Nf6 4. e3 e6 5. Bxc4 a6 6. O-O c5 7. Qe2 b5 8. Bb3
Bb7 9. a4 Nbd7 10. axb5 axb5 11. Rxa8 Qxa8 12. Nc3 b4 13. Nb5 Qb8 14. e4 Nxe4
15. Ng5 Be7 16. Nxe4 Bxe4 17. Qxe4 Qxb5 18. Qa8+ Qb8 19. Qxb8+ Nxb8 20. Ba4+
Kd8 21. dxc5 Bxc5 22. Be3 Bd6 23. Rc1 Ke7 24. Bc5 Bxc5 25. Rxc5 Rd8 26. Rc7+
Kf6 27. g3 g5 28. Rc4 Rd2 29. b3 Nd7 30. Bxd7 Rxd7 31. Rxb4 Rd1+ 32. Kg2 h5 33.
h3 Kg6 34. g4 hxg4 35. hxg4 f5 36. Rb6 Kf6 37. gxf5 Kxf5 38. Kf3 g4+ 39. Kg2 e5
40. Rb8 Rd3 41. b4 Rb3 42. b5 Ke6 43. b6 Kd7 44. b7 Kc7 45. Re8 Kxb7 46. Rxe5
Kc6 47. Rg5 Kd6 48. Rxg4 Ke5 49. Rg8 Kf4 50. Rf8+ Kg4 51. f3+ Kg5 52. Kg3 Ra3
53. Rb8 Kg6 54. Kg4 Ra4+ 55. f4 Kf7 56. Kg5 Ra5+ 57. f5 Ra7 58. Rb6 Rc7 59. Rh6
Kg8 60. Kg6 Rg7+ 61. Kf6 Ra7 62. Rh1 Ra6+ 63. Kg5 Kf7 64. Rh7+ Kg8 65. Re7 Kf8
66. Rd7 Rb6 1/2-1/2

[Event "Mitropa Cup 22nd"]
[Site "Pula"]
[Date "2003.05.17"]
[Round "1"]
[White "Arlandi, Ennio"]
[Black "Likavsky, Tomas"]
[Result "1-0"]
[WhiteElo "2456"]
[BlackElo "2453"]
[PlyCount "59"]
[EventDate "2003.05.17"]
[EventType "team-tourn"]
[EventRounds "9"]
[EventCountry "CRO"]
[Source "ChessBase"]
[SourceDate "2003.07.09"]

1. d4 e6 2. c4 b6 3. e4 Bb7 4. Bd3 Nc6 5. Ne2 Nb4 6. O-O Ne7 7. Bg5 h6 8. Bh4
g5 9. Bg3 Nxd3 10. Qxd3 d6 11. f4 f5 12. exf5 Nxf5 13. d5 Qf6 14. fxg5 Qxb2 15.
dxe6 O-O-O 16. Qxf5 Bg7 17. e7+ Kb8 18. exd8=Q+ Rxd8 19. Nbc3 Bxc3 20. Qd3 hxg5
21. Qxc3 Qxe2 22. Rf2 Qe4 23. Re1 Qc6 24. Qf6 Rc8 25. Qxg5 Qxc4 26. Rc1 Qe6 27.
Qf5 Qg8 28. Qf7 Qg5 29. Bf4 Qa5 30. h4 1-0